LEADER 01120nam a2200277 i 4500 001 000000168645 003 CaOOAMICUS 005 20080122000000.0 008 080122s2007 it u000 u ita u 013 $a146047 040 $aSeMil$bita 245 10$aVent'anni di ricerca civile /$ca cura di Luca De Biase. 260 $aBari :$bGLF editori Laterza,$ccopyr. 2007. 300 $aXII, 209 p. ;$c21 cm. 490 0 $aGruppo cultura, etica e finanza ;$v17 500 $aDono del Card. Dionigi Tettamanzi. 650 4$aEconomia - Studi.$0(OLS)http://semarc/subject/3856 650 4$aPolitica - Saggi.$0(OLS)http://semarc/subject/2338 700 1 $aDe Biase, Luca.$0(OLS)http://semarc/name/29853 830 0$aGruppo cultura, etica e finanza ;$v17.$0(OLS)http://semarc/title/22567 850 $aSeMil 852 $aSeMil$W1$xVenegono$y1$m3N III 579$j119671$B119671$CSeMilBibl$Z2$F133689 $81 941 1 $a5 961 $aOmaggio: Tettamanzi Card. Dionigi 996 $6245$aVent'anni di ricerca civile$9(OLS)http://semarc/title/241252 996 $6260$aBari :$bGLF editori Laterza$9(OLS)http://semarc/publisher/48779 LEADER 00966nam a2200217 i 4500 001 000000028302 003 CaOOAMICUS 005 20180830125448.0 008 180830s1964 fr u000 u und u 040 $aSeMil$bita 100 1 $aBrunner, Emil <1889-1966>.$0(OLS)http://semarc/name/12918 245 10$aDogmatique /$cEmil Brunner ; traduction française de Frédéric Jaccard. 260 $aGenève :$bLabor et Fides,$c1964-1967. 300 $a3 v. ;$c23 cm. 650 4$aTeologia dogmatica.$0(OLS)http://semarc/subject/68 700 1 $aJaccard, Frédéric.$0(OLS)http://semarc/name/12926 774 0 $tDoctrine chrétienne de Dieu.$gTome1$w()63009 774 0 $tDoctrine Chrétienne de la Création et de la Rédemption.$gTome2$w()63010 774 0 $tDoctrine Chrétienne de l'Église, de la foi et de l'achèvement.$gTome3$w()63011 996 $6245$aDogmatique$9(OLS)http://semarc/title/38405 996 $6260$aGenève :$bLabor et Fides$9(OLS)http://semarc/publisher/31164